000 00294nam a2200097Ia 4500
001 649584
005 20250826153744.0
008 250824s9999 xx 000 0 und d
245 0 _aElinizin Altındaki Gerçekler Buluşlar ve Teknoloji Mimari Yapılar
_cLindsey Lowe
260 _bTÜBİTAK YAYINLARI
999 _c649584
_d649584